|
|
|
|
| LEADER |
00636nab a2200181 i 4500 |
| 001 |
acta1214 |
| 005 |
20210310154731.0 |
| 008 |
161015s1984 hu o 0|| rus d |
| 022 |
|
|
|a 0237-9554
|
| 040 |
|
|
|a SZTE Egyetemi Kiadványok Repozitórium
|b hun
|
| 041 |
|
|
|a rus
|
| 100 |
1 |
|
|a Dolgih Irma Aleksandrovna
|
| 245 |
1 |
0 |
|a Principy sostavleniâ tolkovyh slovarej
|h [elektronikus dokumentum] /
|c Dolgih Irma Aleksandrovna
|
| 260 |
|
|
|c 1984
|
| 300 |
|
|
|a 3-22
|
| 490 |
0 |
|
|a Dissertationes slavicae. sectio linguistica
|v 16
|
| 695 |
|
|
|a Nyelvtudomány
|
| 856 |
4 |
0 |
|u http://acta.bibl.u-szeged.hu/1214/1/dissert_slav_ling_016_003-022.pdf
|z Dokumentum-elérés
|